UK Quiz - Territories and Crown Dependencies - Population - Statistics

General Stats
  • This quiz has been taken 33 times
  • The average score is 17 of 22
Answer Stats
Clue Area km² Territory Population % Correct
F 12,173 Falkland Islands 3,794
97%
E 130,279 England 57,690,300
93%
G 62 Guernsey 64,280
93%
I 572 Isle of Man 84,800
93%
J 119.5 Jersey 112,300
93%
N 14,130 Northern Ireland 1,938,700
93%
S 77,910 Scotland 5,510,000
93%
W 20,761 Wales 3,164,000
93%
G 6.8 Gibraltar 39,329
83%
B 53.2 Bermuda 64,636
79%
B 153 British Virgin Islands 39,471
76%
C 259 Cayman Islands 74,457
72%
A 91 Anguilla 15,900
69%
M 102 Montserrat 4,389
69%
P 47 Pitcairn Island 40
69%
S 3,903 South Georgia & Sandwich Islands 30-40?
69%
T 417 Turks & Caicos Islands 46,535
66%
B 60 British Indian Ocean Territory 4,000?
62%
S 121.7 Saint Helena 4,128
62%
T 98 Tristan da Cunha 235
62%
A 254 Akrotiri & Dhekelia 18,195
55%
A 91 Ascension 880
55%
No matching quizzes found
Score Distribution
Percent of People with Each Score
Percentile by Number Answered
Your Score History
You have not taken this quiz